| 000 -LEADER |
| fixed length control field |
01693cam a22003255i 4500 |
| 003 - CONTROL NUMBER IDENTIFIER |
| control field |
OSt |
| 005 - DATE AND TIME OF LATEST TRANSACTION |
| control field |
20200521104631.0 |
| 008 - FIXED-LENGTH DATA ELEMENTS--GENERAL INFORMATION |
| fixed length control field |
200521b ||||| |||| 00| 0 eng d |
| 020 ## - INTERNATIONAL STANDARD BOOK NUMBER |
| International Standard Book Number |
9783955533168 |
| Qualifying information |
(hardcover) |
| 042 ## - AUTHENTICATION CODE |
| Authentication code |
lccopycat |
| 043 ## - GEOGRAPHIC AREA CODE |
| Geographic area code |
a-ja--- |
| 082 04 - DEWEY DECIMAL CLASSIFICATION NUMBER |
| Classification number |
724.6SCH |
| 245 00 - TITLE STATEMENT |
| Title |
Wohnkonzepte in Japan : |
| Remainder of title |
Typologien für den kleinen Raum = Housing in Japan : typologies for small spaces / |
| Statement of responsibility, etc |
Herausgeber, Christian Schittich ; Autoren, Christian Schittich, Hannes Rössler, Tao Baerlocher ; Übersetzung, Antoinette Aichele-Platen, Yasmin Gründing. |
| 246 31 - VARYING FORM OF TITLE |
| Title proper/short title |
Housing in Japan : |
| Remainder of title |
typologies for small spaces |
| 250 ## - EDITION STATEMENT |
| Edition statement |
Erste Auflage. |
| 300 ## - PHYSICAL DESCRIPTION |
| Extent |
144 pages : |
| Other physical details |
illustrations (chiefly color), plans ; |
| Dimensions |
24 cm |
| 520 8# - SUMMARY, ETC. |
| Summary, etc |
Optimising the use of space: inspiring living concepts and layout solutions In the densely populated urban areas of Japan, small houses with unusual spatial concepts and surprising layout solutions are emerging on narrow strips of land that would normally be considered unsuitable for home construction. Yet it's not only this sense of space, but also the sensory use of materials and a feel for aesthetics skillfully combined with traditional elements that have fascinated architects outside of Japan. |
| 546 ## - LANGUAGE NOTE |
| Language note |
Text in German and English. |
| 650 #0 - SUBJECT ADDED ENTRY--TOPICAL TERM |
| Topical term or geographic name as entry element |
Housing |
| Geographic subdivision |
Japan. |
| 650 #0 - SUBJECT ADDED ENTRY--TOPICAL TERM |
| Topical term or geographic name as entry element |
Small houses. |
| 650 #7 - SUBJECT ADDED ENTRY--TOPICAL TERM |
| Topical term or geographic name as entry element |
Housing. |
| Source of heading or term |
fast |
| 650 #7 - SUBJECT ADDED ENTRY--TOPICAL TERM |
| Topical term or geographic name as entry element |
Small houses. |
| Source of heading or term |
fast |
| 651 #7 - SUBJECT ADDED ENTRY--GEOGRAPHIC NAME |
| Geographic name |
Japan. |
| Source of heading or term |
fast |
| 700 1# - ADDED ENTRY--PERSONAL NAME |
| Personal name |
Schittich, Christian, |
| Relator term |
editor, |
| -- |
author. |
| 700 1# - ADDED ENTRY--PERSONAL NAME |
| Personal name |
Rössler, Hannes, |
| Relator term |
author. |
| 700 1# - ADDED ENTRY--PERSONAL NAME |
| Personal name |
Baerlocher, Tao, |
| Relator term |
author. |
| 730 02 - ADDED ENTRY--UNIFORM TITLE |
| Uniform title |
Wohnkonzepte in Japan. |
| 730 02 - ADDED ENTRY--UNIFORM TITLE |
| Uniform title |
Wohnkonzepte in Japan. |
| Language of a work |
English. |
| 942 ## - ADDED ENTRY ELEMENTS (KOHA) |
| Source of classification or shelving scheme |
|